| 000 | 00764nam a2200217Ii 4500 | ||
|---|---|---|---|
| 003 | JO-AjNU | ||
| 008 | 230605s9999||||xx |||||||||||||| ||und|| | ||
| 017 | _a2001/10/2111 | ||
| 040 |
_aJO-AjNU _bara _erda _cJO-AjNU |
||
| 041 | _aara | ||
| 050 | 1 | 4 | _aHF5415.2.M835 2002 |
| 100 | 3 |
_aمعلا، ناجي, _eauthor _957141 |
|
| 245 | 0 | 0 | _aبحوث التسويق (مدخل منهجي تحليلي) |
| 250 | _aط2 | ||
| 264 | 3 | 1 | _aعمان: دار وائل للنشر والتوزيع، 2002 |
| 300 |
_a336ص _bبحتوي على جداول احصائية و ببلوغرافية |
||
| 336 |
_atext _btxt _2rdacontent |
||
| 337 |
_aunmediated _bn _2rdamedia |
||
| 338 |
_avolume _bnc _2rdacarrier |
||
| 650 | 4 |
_aالتسويق - بحوث- مناهج بحث _957142 |
|
| 999 |
_aA25588 _c29156 _d29156 |
||